Annual

Bibliographic Details
Corporate Author: Univerzita Komenského v Bratislave. Farmaceutická fakulta
Format: Serial
Language:English
PhysicalDescription:zv. tab. 21 cm
Published: Bratislava Univerzita Komenského 2005-
ISBN:8022319678 (brož. : r. 2005/2006)
8022322148 (brož. : r. [2006/2007])
9788022330497 (brož. : r. 2011/2012)
9788022332422 (brož. : r. 2012/2013)
9788022326742 (brož. : r. 2009/2010)
9788022328807 (brož. : r. 2010/2011)
9788022334174 (brož. : r. 2013/2014)
9788022336338 (brož. : r. 2014/2015)
9788022338714 (brož. : r. 2015/2016)
9788022341172 (brož. : r. 2016/2017)
9788022343275 (brož. : r. 2017/2018)
9788022345378 (brož. : r. 2018/2019)
9788022347365 (brož. : r. 2019/2020)
9788022349505 (brož. : r. 2020/2021)
Subjects:

MARC

LEADER 00000cas a2200000 a 4500
001 vtls008306835
003 SK-MaSNL
005 20260425194001.0
008 051102c20059999xo ar| 0 a0eng
015 |a SNBB2008/01-00263 (r. 2005/2006)  |a SNBB2008/01-00264 (r. 2006/2007)  |a SNBB2016-(r. 2009/2010, r. 2010/2011, r. 2011/2012, r. 2012/2013, r. 2013/2014, r. 2014/2015, r. 2015/2016) 
020 |a 8022319678 (brož. : r. 2005/2006)  |z 8022320838 
020 |a 8022322148 (brož. : r. [2006/2007]) 
020 |a 9788022330497 (brož. : r. 2011/2012) 
020 |a 9788022332422 (brož. : r. 2012/2013) 
020 |a 9788022326742 (brož. : r. 2009/2010) 
020 |a 9788022328807 (brož. : r. 2010/2011) 
020 |a 9788022334174 (brož. : r. 2013/2014) 
020 |a 9788022336338 (brož. : r. 2014/2015) 
020 |a 9788022338714 (brož. : r. 2015/2016) 
020 |a 9788022341172 (brož. : r. 2016/2017) 
020 |a 9788022343275 (brož. : r. 2017/2018) 
020 |a 9788022345378 (brož. : r. 2018/2019) 
020 |a 9788022347365 (brož. : r. 2019/2020) 
020 |a 9788022349505 (brož. : r. 2020/2021) 
040 |a SNK  |b slo  |c SNK  |e AACR2 
041 0 |a eng 
043 |a e-xo--- 
044 |a xo  |c SK 
072 7 |a 378  |x Vysoké školy  |2 konspekt 
080 |a 378.4  |2 2011 
080 |a 615.1  |2 2011 
080 |a 37.091.3  |2 2011 
080 |a (437.6)  |2 2011 
080 |a (036)  |2 2001 
080 |a (073)  |2 2011 
080 |a (058)  |2 2011 
110 2 |a Univerzita Komenského v Bratislave.  |b Farmaceutická fakulta 
245 1 0 |a Annual  |c Comenius University Faculty of pharmacy 
246 1 |i Názov v tiráži:  |a Study program 
246 1 3 |a Yearbook  |c Comenius University Faculty of pharmacy  |f 2015/2016- 
260 |a Bratislava  |b Univerzita Komenského  |c 2005- 
300 |a zv.  |b tab.  |c 21 cm 
310 |a 1x ročne 
362 0 |a R. 2005/2006- 
504 |a Poznámky ; zoznamy 
650 0 7 |a univerzity  |2 SNKPH  |9 22152 
650 0 7 |a štúdium a výučba  |2 SNKPH  |9 3982 
650 0 7 |a Universities  |2 SNKPHeng  |9 265407 
650 0 7 |a farmácia  |2 SNKPH  |9 2467 
650 0 7 |a Pharmacy  |2 SNKPHeng  |9 265418 
650 0 7 |a Study and teaching  |2 SNKPHeng  |9 265408 
651 7 |a Bratislava (Slovensko)  |2 SNKPH  |9 14568 
651 7 |a Bratislava (Slovakia)  |2 SNKPHeng  |9 171234 
655 7 |a informačné publikácie  |2 SNKPH  |9 70181 
655 7 |a študijné programy  |2 SNKPH  |9 265409 
655 7 |a ročenky  |2 SNKPH  |9 57146 
655 7 |a Information publications  |2 SNKPHeng  |9 265188 
655 7 |a Educational programs  |2 SNKPHeng  |9 265410 
655 7 |a Yearbooks  |2 SNKPHeng  |9 120938 
910 |a snk 
919 |a 80-223-1967-8 
919 |a 80-223-2214-8 
919 |a 978-80-223-3049-7 
919 |a 978-80-223-3242-2 
919 |a 978-80-223-3417-4 
919 |a 978-80-223-3633-8 
919 |a 978-80-223-3871-4 
919 |a 978-80-223-2674-2 
919 |a 978-80-223-2880-7 
919 |a 978-80-223-4117-2 
919 |a 978-80-223-4327-5 
919 |a 978-80-223-4537-8 
919 |a 978-80-223-4736-5 
919 |a 978-80-223-4950-5 
999 |c 695  |d 695 
952 |a SNK  |b SNK  |y PREZ  |7 0  |p 17A0477444  |o snkČSD 659/A/2005-2006  |i snk2005/18366  |8 0  |0 0  |1 0  |4 0  |d 2005-11-03  |l 0  |r 2026-02-21 19:30:16  |w 2026-02-21 
952 |a SNK  |b SNK  |y PREZ  |7 0  |p 17A0477445  |o snkČSD 659/A/2005-2006 D1  |i snk2005/18367  |8 0  |0 0  |1 0  |4 0  |d 2005-11-03  |l 0  |r 2026-02-21 19:30:16  |w 2026-02-21 
952 |a SNK  |b SNK  |y PREZ  |7 0  |p 17A1433273  |o snkČSD 659/A/2020-2021  |i snk2021/5654  |8 0  |0 0  |1 0  |4 0  |d 2021-05-25  |l 0  |r 2026-02-21 19:52:56  |w 2026-02-21 
952 |a SNK  |b SNK  |y PREZ  |7 0  |p 17A1433274  |o snkČSD 659/A/2020-2021 D1  |i snk2021/5657  |8 0  |0 0  |1 0  |4 0  |d 2021-05-25  |l 0  |r 2026-02-21 19:52:56  |w 2026-02-21 
952 |a SNK  |b SNK  |y PREZ  |7 0  |p 17A1267098  |o snkČSD 659/A/2017-2018  |i snk2018/3535  |8 0  |0 0  |1 0  |4 0  |d 2018-02-07  |l 0  |r 2026-02-21 20:18:53  |w 2026-02-21 
952 |a SNK  |b SNK  |y PREZ  |7 0  |p 17A1267099  |o snkČSD 659/A/2017-2018 D1  |i snk2018/3537  |8 0  |0 0  |1 0  |4 0  |d 2018-02-07  |l 0  |r 2026-02-21 20:18:53  |w 2026-02-21 
952 |a SNK  |b SNK  |y PREZ  |7 0  |p 17A0534779  |o snkČSD 659/A/[2006-2007]  |i snk2007/9078  |8 0  |0 0  |1 0  |4 0  |d 2007-04-02  |l 0  |r 2026-02-21 20:38:34  |w 2026-02-21 
952 |a SNK  |b SNK  |y PREZ  |7 0  |p 17A0534780  |o snkČSD 659/A/[2006-2007] D1  |i snk2007/9079  |8 0  |0 0  |1 0  |4 0  |d 2007-04-02  |l 0  |r 2026-02-21 20:38:34  |w 2026-02-21 
952 |a SNK  |b SNK  |y PREZ  |7 0  |p 17A1343040  |o snkČSD 659/A/2018-2019 D1  |i snk2019/2787  |8 0  |0 0  |1 0  |4 0  |d 2019-01-31  |l 0  |r 2026-02-21 21:41:56  |w 2026-02-21 
952 |a SNK  |b SNK  |y PREZ  |7 0  |p 17A1203293  |o snkČSD 659/A/2009-2010  |i snk2016/22046  |8 0  |0 0  |1 0  |4 0  |d 2016-09-22  |l 0  |r 2026-02-21 22:09:57  |w 2026-02-21 
952 |a SNK  |b SNK  |y PREZ  |7 0  |p 17A1203294  |o snkČSD 659/A/2009-2010 D1  |i snk2016/22047  |8 0  |0 0  |1 0  |4 0  |d 2016-09-22  |l 0  |r 2026-02-21 22:09:57  |w 2026-02-21 
952 |a SNK  |b SNK  |y PREZ  |7 0  |p 17A1203295  |o snkČSD 659/A/2010-2011  |i snk2016/22051  |8 0  |0 0  |1 0  |4 0  |d 2016-09-22  |l 0  |r 2026-02-21 22:09:57  |w 2026-02-21 
952 |a SNK  |b SNK  |y PREZ  |7 0  |p 17A1203296  |o snkČSD 659/A/2010-2011 D1  |i snk2016/22050  |8 0  |0 0  |1 0  |4 0  |d 2016-09-22  |l 0  |r 2026-02-21 22:09:57  |w 2026-02-21 
952 |a SNK  |b SNK  |y PREZ  |7 0  |p 17A1203297  |o snkČSD 659/A/2013-2014  |i snk2016/22052  |8 0  |0 0  |1 0  |4 0  |d 2016-09-22  |l 0  |r 2026-02-21 22:09:57  |w 2026-02-21 
952 |a SNK  |b SNK  |y PREZ  |7 0  |p 17A1203298  |o snkČSD 659/A/2013-2014 D1  |i snk2016/22053  |8 0  |0 0  |1 0  |4 0  |d 2016-09-22  |l 0  |r 2026-02-21 22:09:57  |w 2026-02-21 
952 |a SNK  |b SNK  |y PREZ  |7 0  |p 17A1203300  |o snkČSD 659/A/2014-2015 D1  |i snk2016/22054  |8 0  |0 0  |1 0  |4 0  |d 2016-09-22  |l 0  |r 2026-02-21 22:09:57  |w 2026-02-21 
952 |a SNK  |b SNK  |y PREZ  |7 0  |p 17A1203299  |o snkČSD 659/A/2014-2015  |i snk2016/22055  |8 0  |0 0  |1 0  |4 0  |d 2016-09-22  |l 0  |r 2026-02-21 22:09:57  |w 2026-02-21 
952 |a SNK  |b SNK  |y PREZ  |7 0  |p 17A1203301  |o snkČSD 659/A/2015-2016  |i snk2016/22060  |8 0  |0 0  |1 0  |4 0  |d 2016-09-22  |l 0  |r 2026-02-21 22:09:57  |w 2026-02-21 
952 |a SNK  |b SNK  |y PREZ  |7 0  |p 17A1203302  |o snkČSD 659/A/2015-2016 D1  |i snk2016/22061  |8 0  |0 0  |1 0  |4 0  |d 2016-09-22  |l 0  |r 2026-02-21 22:09:57  |w 2026-02-21 
952 |a SNK  |b SNK  |y PREZ  |7 0  |p 17A0866641  |o snkČSD 659/A/2011-2012  |i snk2016/22336  |8 0  |0 0  |1 0  |4 0  |d 2016-09-26  |l 0  |r 2026-02-21 22:09:57  |w 2026-02-21 
952 |a SNK  |b SNK  |y PREZ  |7 0  |p 17A0866642  |o snkČSD 659/A/2011-2012 D1  |i snk2016/22339  |8 0  |0 0  |1 0  |4 0  |d 2016-09-26  |l 0  |r 2026-02-21 22:09:57  |w 2026-02-21 
952 |a SNK  |b SNK  |y PREZ  |7 0  |p 17A0866643  |o snkČSD 659/A/2012-2013  |i snk2016/22342  |8 0  |0 0  |1 0  |4 0  |d 2016-09-26  |l 0  |r 2026-02-21 22:09:57  |w 2026-02-21 
952 |a SNK  |b SNK  |y PREZ  |7 0  |p 17A0866644  |o snkČSD 659/A/2012-2013 D1  |i snk2016/22343  |8 0  |0 0  |1 0  |4 0  |d 2016-09-26  |l 0  |r 2026-02-21 22:09:57  |w 2026-02-21 
952 |a SNK  |b SNK  |y PREZ  |7 0  |p 17A1383369  |o snkČSD 659/A/2019-2020  |i snk2019/32036  |8 0  |0 0  |1 0  |4 0  |d 2019-12-13  |l 0  |r 2026-02-21 22:15:32  |w 2026-02-21 
952 |a SNK  |b SNK  |y PREZ  |7 0  |p 17A1383370  |o snkČSD 659/A/2019-2020 D1  |i snk2019/32037  |8 0  |0 0  |1 0  |4 0  |d 2019-12-13  |l 0  |r 2026-02-21 22:15:32  |w 2026-02-21 
952 |a SNK  |b SNK  |y PREZ  |7 0  |p 17A1203769  |o snkČSD 659/A/2016-2017  |i snk2016/26479  |8 0  |0 0  |1 0  |4 0  |d 2016-11-11  |l 0  |r 2026-02-21 22:17:26  |w 2026-02-21 
952 |a SNK  |b SNK  |y PREZ  |7 0  |p 17A1203768  |o snkČSD 659/A/2016-2017 D1  |i snk2016/26480  |8 0  |0 0  |1 0  |4 0  |d 2016-11-11  |l 0  |r 2026-02-21 22:17:26  |w 2026-02-21 
952 |a SNK  |b SNK  |y PREZ  |7 0  |p 17A1341074  |o snkČSD 659/A/2018-2019  |i snk2019/2784  |8 0  |0 0  |1 0  |4 0  |d 2019-01-31  |l 0  |r 2026-02-21 22:28:07  |w 2026-02-21